000 00264nam a22001217a 4500
008 181031b xxu||||| |||| 00| 0 eng d
041 _aeng
080 _a721
100 _a41
101 _aNDE
245 _aLandscape Structure & Decks
_cCary,D
942 _2udc
_cBK
999 _c51207
_d51207